The 10 Most Important Things - Statistics

General Stats
  • This quiz has been taken 15 times
  • The average score is 5 of 10
Answer Stats
Answer % Correct
Earth
67%
Life
67%
Human history
58%
Human
50%
Science
50%
The arts
50%
Mathematics
42%
Philosophy
42%
Technology
42%
Society
17%
No matching quizzes found
Score Distribution
Percent of People with Each Score
Percentile by Number Answered
Your Score History
You have not taken this quiz